<?xml version="1.0" encoding="UTF-8"?>
<record
    xmlns:xsi="http://www.w3.org/2001/XMLSchema-instance"
    xsi:schemaLocation="http://www.loc.gov/MARC21/slim http://www.loc.gov/standards/marcxml/schema/MARC21slim.xsd"
    xmlns="http://www.loc.gov/MARC21/slim">

  <leader>03223nam a2200373uu 4500</leader>
  <controlfield tag="001">1426739</controlfield>
  <controlfield tag="005">20260508090112.0</controlfield>
  <controlfield tag="007">co|||||||</controlfield>
  <controlfield tag="008">151112s2015                        spa  </controlfield>
  <datafield tag="035" ind1=" " ind2=" ">
    <subfield code="a">1426739</subfield>
  </datafield>
  <datafield tag="040" ind1=" " ind2=" ">
    <subfield code="c">comduadb</subfield>
  </datafield>
  <datafield tag="041" ind1=" " ind2=" ">
    <subfield code="a">spa</subfield>
  </datafield>
  <datafield tag="080" ind1=" " ind2=" ">
    <subfield code="a">T/CD</subfield>
  </datafield>
  <datafield tag="082" ind1=" " ind2="4">
    <subfield code="a">306</subfield>
  </datafield>
  <datafield tag="100" ind1="1" ind2="0">
    <subfield code="a">Medina Castrill&#xF3;n, Cristina</subfield>
    <subfield code="4">aut</subfield>
    <subfield code="e">aut</subfield>
    <subfield code="9">742482</subfield>
  </datafield>
  <datafield tag="245" ind1="1" ind2="0">
    <subfield code="a">Concepciones sobre el amor y las relaciones amorosas que tienen adolescentes homosexuales pertenecientes a dos instituciones educativas de la comuna 8 de Medell&#xED;n (barrio Enciso)</subfield>
  </datafield>
  <datafield tag="260" ind1=" " ind2=" ">
    <subfield code="a">Medell&#xED;n :</subfield>
    <subfield code="b">Autor(a),</subfield>
    <subfield code="c">2015.</subfield>
  </datafield>
  <datafield tag="300" ind1=" " ind2=" ">
    <subfield code="a">1 CD-ROM</subfield>
  </datafield>
  <datafield tag="520" ind1="3" ind2=" ">
    <subfield code="a">La presente investigaci&#xF3;n es abordada desde un dise&#xF1;o cualitativo y una perspectiva descriptiva y documental. Busca identificar las concepciones sobre el amor y las relaciones amorosas que imperan en la cultura occidental y en el contexto juvenil actual. Desde este marco referencial, procura caracterizar los conceptos y creencias que tienen sobre el amor algunos de los j&#xF3;venes de la comuna 8 que se nombran como homosexuales. 
Los problemas relacionados con el amor, la sexualidad y las relaciones de pareja entre j&#xF3;venes han sido siempre una preocupaci&#xF3;n no solo para el mundo acad&#xE9;mico, sino para entes gubernamentales, que muchas veces le han dado una mirada desde una concepci&#xF3;n problem&#xE1;tica.
M&#xFA;ltiples investigaciones sobre la homosexualidad la han asumido a partir de trabajos sobre comunidades y organizaciones gay, problemas relacionados con la discriminaci&#xF3;n y la exclusi&#xF3;n social, aceptaci&#xF3;n o rechazo familiar, agresiones y violencias contra ellos en las instituciones educativas, entre otros; trabajos investigativos que no siempre han logrado combinar las investigaciones en el campo social con los estudios cl&#xED;nicos. A lo cual, el presente trabajo puede hacer un aporte para comprender como abordar aspectos psicol&#xF3;gicos en la poblaci&#xF3;n homosexual. 
En el desarrollo del presente trabajo se hizo revisi&#xF3;n de fuentes bibliogr&#xE1;ficas de la &#xFA;ltima d&#xE9;cada (2004-1014), Para ello se construy&#xF3; una matriz con 186 textos sobre el problema de estudio, de los cuales se tom&#xF3; una muestra de 54 publicaciones, entre art&#xED;culos de revista, libros, tesis de grado, publicaciones seriadas, etc.
El trabajo permiti&#xF3; encontrar que las nociones sobre el amor y la sexualidad son construcciones sociales cuyas idealizaciones y pr&#xE1;cticas han variado a lo largo de la historia, pese a que el modelo de amor en el mundo occidental sigue siendo heterosexual y patriarcal.</subfield>
  </datafield>
  <datafield tag="650" ind1=" " ind2=" ">
    <subfield code="a">Homosexualidad - Aspectos psicol&#xF3;gicos</subfield>
    <subfield code="9">198493</subfield>
  </datafield>
  <datafield tag="650" ind1=" " ind2=" ">
    <subfield code="a">Homosexualidad - Medellin</subfield>
    <subfield code="9">128582</subfield>
  </datafield>
  <datafield tag="650" ind1=" " ind2=" ">
    <subfield code="a">Formaci&#xF3;n de concepto</subfield>
    <subfield code="9">170271</subfield>
  </datafield>
  <datafield tag="650" ind1=" " ind2=" ">
    <subfield code="a">Homosexuales - Aspectos sociales</subfield>
    <subfield code="9">9677</subfield>
  </datafield>
  <datafield tag="650" ind1=" " ind2="7">
    <subfield code="a">Amor</subfield>
    <subfield code="x">Aspectos psicol&#xF3;gicos</subfield>
    <subfield code="2">lemb</subfield>
    <subfield code="9">97601</subfield>
  </datafield>
  <datafield tag="650" ind1=" " ind2="7">
    <subfield code="a">Relaciones amorosas</subfield>
    <subfield code="2">embne</subfield>
    <subfield code="9">212322</subfield>
  </datafield>
  <datafield tag="650" ind1=" " ind2="7">
    <subfield code="a">Adolescentes</subfield>
    <subfield code="2">lemb</subfield>
    <subfield code="9">66395</subfield>
  </datafield>
  <datafield tag="650" ind1=" " ind2=" ">
    <subfield code="a">Comuna 8, Villa Hermosa - Medellin (Antioquia, Colombia)</subfield>
    <subfield code="9">29030</subfield>
  </datafield>
  <datafield tag="650" ind1=" " ind2=" ">
    <subfield code="a">Barrio Enciso (Medellin)</subfield>
    <subfield code="9">84118</subfield>
  </datafield>
  <datafield tag="700" ind1="1" ind2="0">
    <subfield code="a">G&#xF3;mez Vargas, Maricelly</subfield>
    <subfield code="4">ths</subfield>
    <subfield code="e">ths</subfield>
    <subfield code="9">582269</subfield>
  </datafield>
  <datafield tag="856" ind1="4" ind2=" ">
    <subfield code="u">https://bibliotecadigital.udea.edu.co/handle/10495/16051</subfield>
  </datafield>
  <datafield tag="942" ind1=" " ind2=" ">
    <subfield code="c">TESIS</subfield>
  </datafield>
  <datafield tag="999" ind1=" " ind2=" ">
    <subfield code="c">726028</subfield>
    <subfield code="d">726028</subfield>
  </datafield>
  <datafield tag="502" ind1=" " ind2=" ">
    <subfield code="b">105</subfield>
    <subfield code="c">12</subfield>
  </datafield>
  <datafield tag="526" ind1=" " ind2=" ">
    <subfield code="a">106</subfield>
  </datafield>
  <datafield tag="952" ind1=" " ind2=" ">
    <subfield code="0">0</subfield>
    <subfield code="1">0</subfield>
    <subfield code="4">0</subfield>
    <subfield code="7">0</subfield>
    <subfield code="8">DIGITAL</subfield>
    <subfield code="a">CISH</subfield>
    <subfield code="b">CISH</subfield>
    <subfield code="d">2015-11-12</subfield>
    <subfield code="e">Material adquirido por donaci&#xF3;n</subfield>
    <subfield code="i">C1235980</subfield>
    <subfield code="l">0</subfield>
    <subfield code="o">T/CD-11307</subfield>
    <subfield code="p">15990787</subfield>
    <subfield code="r">2023-05-03 00:00:00</subfield>
    <subfield code="t">1</subfield>
    <subfield code="w">2023-05-03</subfield>
    <subfield code="y">DIGITAL</subfield>
  </datafield>
  <datafield tag="952" ind1=" " ind2=" ">
    <subfield code="0">0</subfield>
    <subfield code="1">0</subfield>
    <subfield code="4">0</subfield>
    <subfield code="7">0</subfield>
    <subfield code="8">TESDIGBC</subfield>
    <subfield code="a">BC</subfield>
    <subfield code="b">BC</subfield>
    <subfield code="d">2016-01-25</subfield>
    <subfield code="e">Material adquirido por donaci&#xF3;n</subfield>
    <subfield code="i">C1238872</subfield>
    <subfield code="l">0</subfield>
    <subfield code="o">306.76 M491 CD-ROM</subfield>
    <subfield code="p">01009177</subfield>
    <subfield code="r">2023-05-03 00:00:00</subfield>
    <subfield code="t">2</subfield>
    <subfield code="w">2023-05-03</subfield>
    <subfield code="y">DIGITAL</subfield>
  </datafield>
</record>
